| 000 | 02925nam a2200457 a 4500 | ||
|---|---|---|---|
| 003 | CHAP | ||
| 005 | 20250203140126.0 | ||
| 007 | cr ||||||a|c|a | ||
| 008 | 110215s2011 mx r 00010 spa d | ||
| 035 | _a112169 | ||
| 040 | _cCHAP | ||
| 090 | _aTesis | ||
| 100 | 1 |
_aMendo Sánchez, Amanda Enriqueta. _974590 |
|
| 245 | 1 | 0 |
_aPercepción y acciones de mejoramiento del restaurante campestre de la UACH _c/por Amanda Enriqueta Mendo Sánchez y María Laura Rangel Fajardo; director de tesis Arturo Perales Salvador. |
| 264 | 1 |
_aChapingo, Méx. : _bEl autor, _c2011. |
|
| 300 |
_a1 recurso en línea (94 páginas) : _btablas, imagenes, gráficas. |
||
| 336 |
_2rdacontent _atexto _btxt |
||
| 337 |
_2rdamedia _acomputadora _bc |
||
| 338 |
_2rdacarrier _arecursos en línea _bcr |
||
| 502 |
_bLCIPA _cDICEA _d2011. _gLIC |
||
| 520 | _aos servicios de alimentación de los comedores de la UACh, se caracterizan por tener múltiples problemas tales como: la cantidad de raciones de comida que sobran en cada servicio, la comida que resta en las charolas después de que un alumno decide no consumirla, problemas de tipo sanitario, etc. Los alumnos provienen de diferentes lugares del país con costumbres y hábitos no homogéneos, difícilmente se les puede complacer en un comedor donde cotidianamente se cocinan más de 1000 raciones por servicio. Siempre existirán alimentos que no agraden a unos cuantos; sin embargo, hay ocasiones en las que los sobrantes de comida son excesivos. La problemática del Restaurante Campestre influye en lo que los comensales piensan del servicio de alimentación e impacta en las expectativas que se forman sobre éste. Estos aspectos se toman como punto de partida para abrir una ventana de comunicación bilateral con retroalimentación y cooperación mutua donde se busque la mejora de la prestación del servicio de alimentación de la cual actualmente gozan y así disminuir el desperdicio de los alimentos beneficiando tanto a los comensales como a los administrativos del mismo, y por consiguiente a la Universidad | ||
| 590 |
_aALEPH _b10 _c20130110 |
||
| 590 |
_aBATCH-UPD _b10 _c20130110 |
||
| 590 |
_aBATCH-UPD _b10 _c20130410 |
||
| 590 |
_aBATCH-UPD _b10 _c20130914 |
||
| 590 |
_aBATCH-UPD _b10 _c20140324 |
||
| 590 |
_aBATCH-UPD _b10 _c20141002 |
||
| 590 |
_aCONVERSION _b10 _c20130109 |
||
| 650 | 1 | 4 |
_aAlimentos _xConsumo. _94181 |
| 650 | 1 | 4 |
_aAlimentos _xControl. _94211 |
| 650 | 1 | 4 |
_aEstudiantes _xAlimentación. _938491 |
| 650 | 1 | 4 |
_aUACH _xEstudiantes. _9115802 |
| 700 | 1 |
_aRangel Fajardo, María Laura. _994591 |
|
| 700 | 1 |
_aPerales Salvador, Arturo _987008 _eDirector de tesis. |
|
| 856 |
_uhttp://10.13.5.2/tesis/112169.pdf _zDESCARGAR PDF |
||
| 901 | _aBK | ||
| 942 |
_cTD _2Clasificación Universidad Autónoma Chapingo |
||
| 949 |
_aTesis _bBC _cTES _d33724002231116 _eTS1 _gDonaciØn _h51964 _i112169 _st |
||
| 999 |
_c100509 _d100509 |
||